Quitasueno Roncador Serrana : Antecedentes historicos y juridicos del tratado entre la republica de Colombia y los Estados Unidos del 8 de Septiembre de 1972 (Record no. 23681)

MARC details
000 -LEADER
campo de control de longitud fija 00455nam a2200133Ia 4500
008 - DATOS DE LONGITUD FIJA--INFORMACIÓN GENERAL
campo de control de longitud fija 231129s1972||||xx |||||||||||||| ||spa||
040 ## - FUENTE DE CATALOGACIÓN
Lengua de catalogación spa
082 ## - NÚMERO DE LA CLASIFICACIÓN DECIMAL DEWEY
Número de clasificación 341.0266861042 V393q
100 ## - ENTRADA PRINCIPAL--NOMBRE DE PERSONA
Nombre de persona Vazquez Carrizosa Alfredo
245 #0 - MENCIÓN DEL TÍTULO
Título Quitasueno Roncador Serrana : Antecedentes historicos y juridicos del tratado entre la republica de Colombia y los Estados Unidos del 8 de Septiembre de 1972
260 ## - PUBLICACIÓN, DISTRIBUCIÓN, ETC.
Fecha de publicación, distribución, etc. 1972
264 ## - PRODUCCIÓN, PUBLICACIÓN, DISTRIBUCIÓN, FABRICACIÓN Y COPYRIGHT
Producción, publicación, distribución, fabricación y copyright Italgraf
942 ## - ELEMENTOS DE ENTRADA SECUNDARIOS (KOHA)
Fuente del sistema de clasificación o colocación Clasificación Decimal Dewey
Tipo de ítem Koha
Holdings
Estatus retirado Estado de pérdida Fuente del sistema de clasificación o colocación Estado de daño No para préstamo Biblioteca de origen Biblioteca actual Fecha de adquisición Total de préstamos Signatura topográfica completa Código de barras Visto por última vez Copia número Precio de reemplazo Tipo de ítem Koha
    Clasificación Decimal Dewey     BIBLIOTECA PÚBLICA MUNICIPAL RAMON CORREA MEJIA BIBLIOTECA PÚBLICA MUNICIPAL RAMON CORREA MEJIA 09/07/2009   341.0266861042 V393q 9431 29/11/2023 1 29/11/2023 Libros
    Clasificación Decimal Dewey     BIBLIOTECA PÚBLICA MUNICIPAL RAMON CORREA MEJIA BIBLIOTECA PÚBLICA MUNICIPAL RAMON CORREA MEJIA 09/07/2009   341.0266861042 V393q 9432 29/11/2023 2 29/11/2023 Libros

Powered by Koha